| 000 | 00833nam a2200229 u 4500 | ||
|---|---|---|---|
| 005 | 20230607115535.0 | ||
| 008 | 170522s2009 r 000 0 eng d | ||
| 020 | _a9786074010497 | ||
| 035 | _aUPN01000218006 | ||
| 049 | _aCG | ||
| 050 | 4 |
_aJS2119.5 M4 _bM6.2 |
|
| 100 | 1 |
_aMorales y Gómez, Juan Miguel _940491 |
|
| 245 | 1 | 0 |
_aActualidad y prospectiva de la profesionalización de los servidores públicos municipales en el Estado de México / _cJuan Miguel Morales y Gómez. |
| 260 |
_aMéxico : _bUAEM : _bMiguel Angel Porrúa, _cc2009. |
||
| 300 | _a321 p. | ||
| 440 | 0 | _aPolíticas públicas | |
| 650 | 2 |
_aFuncionarios y empleados locales _zEstado de México _925908 |
|
| 651 | 4 |
_aMEXICO - _xFUNCIONARIOS Y EMPLEADOS PUBLICOS _917494 |
|
| 650 | 4 |
_aSERVICIO CIVIL - _zMEXICO _922298 |
|
| 905 | _aLibro | ||
| 999 |
_c190106 _d190106 |
||